00787nam a22002177a 4500003000500000005001700005008004100022010001000063011001000073035001000083040000900093100003900102245014500141260004100286300001000327502009100337650003400428650003600462650003500498650003600533CHAP20220329140725.0971013s1973 r 00010 d a56584 a57556 a61711 cCHAP00aSoberanes Reyes, Héctor Román. aRelaciones de patrones de consumo y compra de carne, huevo y tortilla en área metropolitana de Monterrey en dos estratos socioeconómicos a(Monterrey, N.L.) :bEl autor,c1973 a60 h. aTesis (Ing. Agr. Administrador) -- ITESM. Div. de Ciencias Agropecuarias y Marítimas14aCarnexConsumoxNuevo León.14aCarnexMercadeoxMonterrey, NL.14aHuevosxConsumoxNuevo León.14aHuevosxMercadeoxNuevo León.